| 000 | 00369nam a22001577a 4500 | ||
|---|---|---|---|
| 999 |
_c10709 _d10709 |
||
| 003 | OSt | ||
| 008 | 210710b ||||| |||| 00| 0 eng d | ||
| 020 | _a9788126550791 | ||
| 082 | _a621.2011 DIA | ||
| 100 | _aDIWAN,PK | ||
| 245 | _aApplied Physics for Engineers | ||
| 260 |
_aNew Delhi _bWiley _c2015 |
||
| 300 | _a548 | ||
| 650 | _aApplied Sc. | ||
| 942 |
_2ddc _cBK _061 |
||